| 000 | 00538nam a22001817a 4500 | ||
|---|---|---|---|
| 003 | OSt | ||
| 005 | 20160520154048.0 | ||
| 008 | 160214b xxu||||| |||| 00| 0 eng d | ||
| 040 | _cLIC | ||
| 082 |
_22007 _aDFil 418.4 _bC351 |
||
| 100 |
_92892 _aCastigador, Adlai C. |
||
| 245 |
_aWholistic reading: _ba module for college students/ _cAdlai C. Castigador. |
||
| 250 | _aRevised Edition | ||
| 260 |
_aCavite: _bACC Book Publishing, _c©2012. |
||
| 300 |
_avi, 164 pages; _c22 cm. |
||
| 650 | 0 |
_92893 _aReading comprehension |
|
| 942 |
_2ddc _cDFIL |
||
| 999 |
_c2241 _d2241 |
||